Habitants de Animal Crossing A-B-C - Statistiques

Statistiques générales
  • Ce quiz a été pris 60 fois
  • Le résultat moyen est 10 sur 16
Statistiques - réponses
Par images Réponse % Correct
Anna
78%
Bibi
78%
Coco
78%
Blanche
76%
Choco
73%
Cookie
69%
Apollon
64%
Aurore
60%
Capri
60%
Bouloche
58%
Babouin
56%
Camille
53%
Charlène
47%
Belle
44%
Blair
38%
Bob
31%
Aucun quiz correspondant
Distribution des résultats
% des personnes avec chaque résultat
Percentile par nombre de réponses
Votre historique - résultats
Vous n’avez pas pris ce quiz